|
|
|
|
| LEADER |
00000nam0a2200000 4500 |
| 001 |
302711 |
| 005 |
20231102001530.0 |
| 035 |
|
|
|a (RuTPU)RU\TPU\book\327920
|
| 090 |
|
|
|a 302711
|
| 100 |
|
|
|a 20150826d1974 k y0rusy50 ca
|
| 101 |
0 |
|
|a rus
|
| 102 |
|
|
|a RU
|
| 105 |
|
|
|a a z 001zy
|
| 200 |
1 |
|
|a Надежность и резервирование в электроэнергетических системах. Методы исследования
|f Ю. Н. Руденко, М. Б. Чельцов
|g Академия наук СССР (АН СССР), Сибирское отделение (СО), Сибирский энергетический институт им. Л. А. Мелентьева (СИЭ)
|
| 210 |
|
|
|a Новосибирск
|c Наука
|d 1974
|
| 215 |
|
|
|a 264 с.
|c ил.
|
| 320 |
|
|
|a Библиогр.: с. 234-261.
|
| 606 |
1 |
|
|a Электроэнергетические системы
|x Надежность
|x Оптимизация
|2 stltpush
|3 (RuTPU)RU\TPU\subj\21050
|9 46099
|
| 610 |
1 |
|
|a исследование
|
| 610 |
1 |
|
|a показатели
|
| 610 |
1 |
|
|a мощности
|
| 610 |
1 |
|
|a классификация
|
| 610 |
1 |
|
|a определение
|
| 610 |
1 |
|
|a резервы
|
| 610 |
1 |
|
|a распределение
|
| 610 |
1 |
|
|a нормирование
|
| 675 |
|
|
|a 621.311.019
|v 3
|
| 700 |
|
1 |
|a Руденко
|b Ю. Н.
|g Юрий Николаевич
|
| 701 |
|
1 |
|a Чельцов
|b М. Б.
|g Михаил Борисович
|
| 712 |
0 |
2 |
|a Академия наук СССР (АН СССР)
|b Сибирское отделение (СО)
|b Сибирский энергетический институт им. Л. А. Мелентьева (СИЭ)
|c (Иркутск)
|c (1960-1991)
|2 stltpush
|3 (RuTPU)RU\TPU\col\11908
|
| 801 |
|
1 |
|a RU
|b 63413507
|c 20150826
|
| 801 |
|
2 |
|a RU
|b 63413507
|c 20161226
|g RCR
|
| 942 |
|
|
|c BK
|